MCU Films and Actors - Statistics

General Stats
  • This quiz has been taken 160 times
    68 since last reset
  • The average score is 55 of 120
Answer Stats
Answer % Correct
Iron Man
98%
Robert Downey Jr.
96%
Iron Man 2
86%
Iron Man 3
86%
The Avengers
84%
Captain America: The First Avenger
82%
Thor
82%
Chris Hemsworth
80%
Chris Evans
78%
Avengers: Endgame
76%
Scarlett Johansson
76%
The Incredible Hulk
76%
Avengers: Infinity War
74%
Avengers: Age of Ultron
72%
Captain America: Civil War
72%
Captain America: The Winter Soldier
68%
Doctor Strange
68%
Guardians of the Galaxy
68%
Gwyneth Paltrow
68%
Mark Ruffalo
68%
Thor: Love and Thunder
68%
Thor: Ragnarok
68%
Tom Hiddleston
68%
Ant-Man
66%
Chris Pratt
66%
Thor: The Dark World
66%
Black Widow
64%
Sebastian Stan
64%
Black Panther
62%
Guardians of the Galaxy Vol. 2
62%
Jeremy Renner
62%
Samuel L. Jackson
62%
Spider-Man: Far From Home
62%
Spider-Man: Homecoming
62%
Spider-Man: No Way Home
62%
Tom Holland
62%
Benedict Cumberbatch
60%
Natalie Portman
60%
Ant-Man and the Wasp
58%
Captain Marvel
58%
Chadwick Boseman
58%
Vin Diesel
58%
Bradley Cooper
56%
Elizabeth Olsen
56%
Paul Rudd
56%
Zendaya
56%
Don Cheadle
54%
Josh Brolin
54%
Brie Larson
52%
Dave Bautista
52%
Doctor Strange in the Multiverse of Madness
52%
Edward Norton
52%
Anthony Mackie
50%
Eternals
50%
Michael B. Jordan
48%
Zoe Saldana
48%
Benedict Wong
46%
Jeff Bridges
46%
Michael Keaton
44%
Shang-Chi And The Legend Of The Ten Rings
44%
Angelina Jolie
42%
Evangeline Lilly
42%
Hayley Atwell
40%
Hugo Weaving
40%
Jake Gyllenhaal
40%
James Spader
40%
Michael Douglas
40%
Christian Bale
38%
Karen Gillan
38%
Kurt Russell
38%
Willem Dafoe
38%
Anthony Hopkins
36%
Daniel Brühl
36%
Jamie Foxx
36%
Mickey Rourke
36%
Rachel McAdams
36%
Andy Serkis
34%
Cate Blanchett
34%
Tommy Lee Jones
34%
Florence Pugh
32%
Jude Law
32%
Letitia Wright
32%
Lupita Nyong'o
32%
Simu Liu
32%
Christopher Eccleston
30%
Guy Pearce
30%
Jeff Goldblum
30%
Lee Pace
30%
Tessa Thompson
30%
Gemma Chan
28%
Mads Mikkelsen
28%
Salma Hayek
28%
Tim Roth
28%
Alfred Molina
26%
Corey Stoll
26%
Danai Gurira
26%
Michael Rooker
26%
Richard Madden
26%
Terrence Howard
26%
William Hurt
26%
Awkwafina
24%
Chiwetel Ejiofor
24%
Liv Tyler
24%
Rhys Ifans
24%
Thomas Haden Church
22%
Taika Waititi
20%
Xochitl Gomez
20%
Barry Keoghan
18%
Hannah John-Kamen
18%
Kumail Nanjiani
18%
Laura Harrier
18%
Brian Tyree Henry
16%
Ray Winstone
16%
Walton Goggins
16%
Bill Skarsgård
14%
Lauren Ridloff
14%
Lia McHugh
14%
Tony Leung
14%
Don Lee
12%
Kit Harington
10%
No matching quizzes found
Score Distribution
Percent of People with Each Score
Percentile by Number Answered
Your Score History
You have not taken this quiz since the last reset